Non - linear analysis and optimal control theory.
保存先:
| フォーマット: | Sách giấy |
|---|---|
| 言語: | English |
| 出版事項: |
[S.l.] :
[s.n.],
[199?].
|
| 主題: | |
| タグ: |
タグ追加
タグなし, このレコードへの初めてのタグを付けませんか!
|
| Thư viện lưu trữ: | Thư viện Trường Đại học Đà Lạt |
|---|
| LEADER | 00689nam a2200301 4500 | ||
|---|---|---|---|
| 001 | DLU110121913 | ||
| 005 | ##20110526 | ||
| 040 | # | # | |a DLU |b vie |
| 041 | # | # | |a eng |
| 044 | # | # | |a vn |
| 082 | # | # | |a 515 |b Non |
| 245 | # | # | |a Non - linear analysis and optimal control theory. |
| 260 | # | # | |a [S.l.] : |b [s.n.], |c [199?]. |
| 300 | # | # | |a 609 p. ; |c 21 cm. |
| 653 | # | # | |a Functional analysis |
| 653 | # | # | |a Mathematical analysis |
| 653 | # | # | |a Nonlinear theories |
| 923 | # | # | |a 01/2011TN |
| 991 | # | # | |a SH |
| 992 | # | # | |a 0 |
| 994 | # | # | |a KTN |
| 900 | # | # | |a True |
| 911 | # | # | |a Nguyễn Thanh Hương |
| 925 | # | # | |a G |
| 926 | # | # | |a A |
| 927 | # | # | |a SH |
| 980 | # | # | |a Thư viện Trường Đại học Đà Lạt |